Poetics of music in the form of six lessons /

Bibliographic Details
Main Author: Stravinsky, Igor, 1882-1971
Format: Book
Language:English
French
Published: Cambridge, Mass. : Harvard University Press, 1970.
Edition:[Bilingual ed.].
Series:Charles Eliot Norton lectures ; 1939-1940.
Subjects:

MARC

Tag First Indicator Second Indicator Subfields
LEADER 00000cam a2200000 4500
001 in00000192821
005 20151009052207.0
008 700528s1970 mauc 00010 eng d
010 |a  79099520  
020 |a 0674678559  |c 7.95 
035 |a (OCoLC)00076632 
035 |9 AAV9515AM 
040 |a DLC  |c DLC  |d TXA  |d UtOrBLW 
041 0 |a eng  |a fre 
049 |a TXAM  |c [530176] 
050 0 0 |a ML410.S932  |b A13 1970 
082 0 |a 780 
100 1 |a Stravinsky, Igor,  |d 1882-1971. 
240 1 0 |a Poetique musicale sous forme de six lecons. English & French 
245 1 0 |a Poetics of music in the form of six lessons /  |c [by] Igor Stravinsky. English translation by Arthur Knodell and Ingolf Dahl. Pref. by George Seferis. 
250 |a [Bilingual ed.]. 
264 1 |a Cambridge, Mass. :  |b Harvard University Press,  |c 1970. 
300 |a ix, 187 pages :  |b portrait ;  |c 22 cm. 
336 |a text  |b txt  |2 rdacontent 
337 |a unmediated  |b n  |2 rdamedia 
338 |a volume  |b nc  |2 rdacarrier 
490 1 |a The Charles Eliot Norton lectures ;  |v 1939-40 
500 |a In French and English. 
650 0 |a Music. 
830 0 |a Charles Eliot Norton lectures ;  |v 1939-1940. 
999 |a MARS 
999 f f |s 87feaea8-2ad3-31b9-a2dc-6cb40d8894eb  |i 5f73a458-3b04-30f3-8a71-c0f1bcaf96ff  |t 0 
952 f f |p ric  |a Texas A&M University  |b Rellis Campus  |c Joint Library Facility  |d Remote Storage  |t 0  |e ML410.S932 A13 1970  |h Library of Congress classification  |i unmediated -- volume  |m A14803358247 
998 f f |a ML410.S932 A13 1970  |t 0  |l Remote Storage